Najbardziej zanieczyszczone państwa świata - Statystyki

Ogólne statystyki
  • Ten quiz został rozwiązany 9 razy
  • Średni wynik to 4 z 10
Statystyki odpowiedzi
# 2018 2019 2020 2021 2022 2023 Odpoiedż % Poprawnych
3 72.5 51.8 51.9 58.1 53.3 54.4 Indie
100%
2 74.3 65.8 59 66.8 70.9 73.7 Pakistan
67%
1 97.1 83.3 77.1 76.9 65.8 79.9 Bangladesz
56%
10 ---- 32.1 ---- ---- 15.5 40.8 Demokratyczna Republika Konga
44%
8 54.1 44.5 39.2 46 40.1 42.4 Nepal
44%
9 ---- 18 ---- 29.1 46.5 42.4 Egipt
33%
6 ---- 39.6 ---- 49.7 80.1 43.8 Irak
33%
4 ----- ----- 30.9 59.4 46 49 Tadżykistan
22%
7 49.9 38.9 29.2 36 45.9 43 Zjednoczone Emiraty Arabskie
11%
5 ----- ----- ----- ----- 63 46.6 Burkina Faso
0%
Nie znaleziono quizów pasujących do podanych kryteriów
Rozkład punktacji
Procent ludzi z każdym wynikiem
Percentyl według liczby udzielonych odpowiedzi
Twoja historia wyników
Nie rozwiązałeś tego quizu